00394nam a2200157Ia 4500003000400000008004100004040001600045082001300061100002200074245003400096260003400130300001100164490002400175650001500199650002200214GCL140319s9999 xx 000 0 eng d aGCL / cGCL04a843bJ F1 aJARDIN, ALEXANDRE10aFAN FAN / cJARDIN, ALEXANDRE a[S.N] : bGALLIMARD ، c1995 a247 P aCOLLECTION FOLIOv004aLITERATURE04aFRENCH LITERATURE